| 000 | 00000nam##2200000za#4500 |
| 001 | 9.602597 |
| 003 | CaOODSP |
| 005 | 20230801131717 |
| 007 | cr ||||||||||| |
| 008 | 150406|2009||||xxc|||||o f|0| 0 fre|d |
| 040 | |aCaOODSP|bfre |
| 043 | |an-cn--- |
| 086 | 1 |aPS83-5/B44F-PDF |
| 110 | 2 |aService correctionnel Canada. |bDirection de la recherche. |
| 245 | 10|aLes programmes offerts dans les centres de réception : |h[ressource électronique]|bcontribuent-ils aux objectifs en matière de réinsertion sociale? / |cpréparé par Lynn Stewart. |
| 260 | |bService correctionnel Canada. |cDécembre 2009. |
| 300 | |a1p. |
| 490 | 1 |aRecherche en un coup d'oeil|vB44 |
| 500 | |aPour le Rapport de synthèse associé, veuillez consulter PS83-6/44F-PDF. |
| 504 | |aBibliographie. |
| 590 | |a11-27-Supp|b2011-11-15 |
| 720 | 1 |aStewart, Lynn |
| 775 | 08|tPrograms delivered at reception units : |w(CaOODSP)9.572207 |
| 830 | #0|aRecherche en un coup d'œil (Service correctionnel Canada)|vB44|w(CaOODSP)9.503037 |
| 856 | 40|ahttp://publications.gc.ca|qPDF|s95 Ko|uhttps://publications.gc.ca/collections/collection_2011/scc-csc/PS83-5-B44-fra.pdf|yB44 |